| 000 | 01233nam a22002537a 4500 | ||
|---|---|---|---|
| 005 | 20260611103212.0 | ||
| 008 | 260611t2015 |||||||| |||| 00| 0 spa d | ||
| 040 |
_aCO-BoUCM _bspa _cStefania Borbon _dStefania Borbon |
||
| 041 | _aspa | ||
| 100 |
_aDopazo Gallego, Antonio _9189678 |
||
| 245 |
_aPlotino : _bla odisea del alma entre la eternidad y el tiempo / _cAntonio Dopazo Gallego |
||
| 260 |
_aEspaña; _bBatiscafo, _c2015 |
||
| 300 |
_a142 páginas; _bfotografías |
||
| 490 | _aDescubrir la filosofía | ||
| 520 | _aMonografía que introduce el pensamiento filosófico de Plotino y el neoplatonismo del siglo III. Explora conceptos fundamentales de su metafísica como la procesión desde el Uno, el Intelecto, el Alma y el descenso a la Materia, así como el proceso místico de conversión y retorno del alma individual a la eternidad. | ||
| 600 | 1 |
_aPlotino, _d204-270 _xCrítica e interpretación _9189679 |
|
| 650 | 4 |
_aNeoplatonismo _920246 |
|
| 650 | 4 |
_aFilosofía antigua _915727 |
|
| 650 | 4 |
_aMisticismo y filosofía _9189680 |
|
| 650 | 4 |
_aAlma _xHistoria de las doctrinas _9189681 |
|
| 700 | 1 |
_aGarcía, Nacho _eilustrador _9189642 |
|
| 942 |
_2DEWEY _a2 _cLIBRO _e1 _h186 _mD671p |
||
| 999 |
_c326506 _d326506 |
||